000 00649nam a2200241Ia 4500
003 OSt
005 20220923230518.0
006 a|||||r|||| 00| 0
007 ta
008 Pun
024 _a282,703
037 _cTextual
040 _aARTS
_cARTS
_bPun
041 _2Pun
_aPun
082 _aO153,3NBU,EP, L8
100 _aਬੁਟਰ, ਬਲਦੇਵ ਸਿੰਘ
_9156315
245 0 _aਇਕ ਪਰਦੇਸੀ
260 _c1978
300 _a84ਪੰ
_ccm.
650 _aਪੰਜਾਬੀ ਸਾਹਿਤ
942 _hO153,3NBU,EP, L8
_cTEXL
_2CC
999 _c385397
_d385397